| 000 | 00438cam a2200181ua 4500 | ||
|---|---|---|---|
| 020 | _c4.50 | ||
| 041 |
_ahin _h |
||
| 082 |
_a891.54 _bBHA/BH |
||
| 100 | _aBhagvaticharan, Varma . | ||
| 245 |
_aBhule bisre chitr / _cBhagvaticharan Varma. _hTextual Documents |
||
| 250 |
_a2 / _b. |
||
| 260 |
_aDelhi : _bRajkamal Prakash , _c1967. |
||
| 300 | _a354 ; . | ||
| 365 | _a4.50 | ||
| 504 | _a | ||
| 942 | _cBK | ||
| 999 |
_c7991 _d7991 |
||